000 00380nam a2200157Ia 4500
008 210716s2003 xx 000 0 und d
020 _a8176294233
041 _aeng
082 _a330 SINA
100 _aSinha, Ajit Kumar; Sen Raj Kumar.
245 _aEconomics of Amartya Sen.
250 _a1
260 _aNew Delhi
_c2003
300 _axxii,268
650 _aEconomics(330)
999 _c201623
_d201623